| 000 | 00712nam a2200229Ia 4500 | ||
|---|---|---|---|
| 005 | 20250508162152.0 | ||
| 008 | 008 250505s9999 xx 000 0 eng d | ||
| 020 | _a0-470-98933-5 | ||
| 037 | _aTextual | ||
| 040 |
_aFEDL _beng _cFEDL |
||
| 041 |
_aeng _2eng |
||
| 084 |
_a016.15335, ARA _qFEDL |
||
| 100 | _aArasteh A Reza | ||
| 245 | 0 | _aCreativity in human development: An interpretive and annotated bibliography | |
| 260 |
_aCambridge _bSchenkman Publishing Company _c1976 |
||
| 300 | _a154p. | ||
| 365 |
_aUSD _b11.95 |
||
| 650 |
_aCreative ability-Bibliography _9772481 |
||
| 700 |
_a Arasteh Josephine D _9772482 |
||
| 942 |
_cTEXL _h016.15335, ARA |
||
| 999 |
_c1374790 _d1374790 |
||